Mayors of New York City by Picture - Statistics

General Stats
  • This quiz has been taken 60 times
    8 since last reset
  • The average score is 15 of 73
Answer Stats
Picture Hint Answer % Correct
2002-2013 Michael Bloomberg
100%
1994-2001 Rudy Giuliani
100%
2022-2025 Eric Adams
88%
2026-Present Zohran Mamdani
88%
2014-2021 Bill de Blasio
75%
1990-1993 David Dinkins
63%
1978-1989 Ed Koch
63%
1934-1945 Fiorello H. La Guardia
63%
1974-1977 Abraham Beame
25%
1801-1803 Edward Livingston
25%
1966-1973 John Lindsay
25%
1914-1917 John Purroy Mitchel
25%
1954-1965 Robert F. Wagner Jr.
25%
1946-1950 William O'Dwyer
25%
1837-1839 Aaron Clark
13%
1691-1694 Abraham de Peyster
13%
1887-1888 Abram Hewitt
13%
1851-1853 Ambrose Kingsland
13%
1846-1847 Andrew H. Mickle
13%
1869-1872 A. Oakey Hall
13%
*1913* Ardolph L. Kline
13%
1818-1821 Cadwallader D. Colden
13%
1711-1713 Caleb Heathcote
13%
1849-1851 Caleb Smith Woodhull
13%
1864-1866 Charles Godfrey Gunther
13%
1834-1837 Cornelius Lawrence
13%
1858-1860 Daniel F. Tiemann
13%
1803-1807 | 1808-1810 | 1811-1815 DeWitt Clinton
13%
1879-1880 Edward Cooper
13%
1855-1857 | 1860-1861 Fernando Wood
13%
1883-1884 Franklin Edson
13%
1904-1909 George B. McClellan Jr.
13%
1862-1864 George Opdyke
13%
1833-1834 Gideon Lee
13%
1889-1892 Hugh J. Grant
13%
1839-1841 Isaac L. Varian
13%
1853-1855 Jacob Aaron Westervelt
13%
1810-1811 | 1815-1818 Jacob Radcliff
13%
1784-1789 James Duane
13%
1844-1845 James Harper
13%
1926-1932 Jimmy Walker
13%
1739-1744 John Cruger
13%
1757-1766 John Cruger Jr.
13%
1815 John Ferguson
13%
1918-1925 John Francis Hylan
13%
1933 John P. O'Brien
13%
1866-1868 John T. Hoffman
13%
*1932* Joseph V. McKee
13%
1807-1808 Marinus Willett
13%
1826-1827 Philip Hone
13%
1789-1801 Richard Varick
13%
1898-1901 Robert Anderson van Wyck
13%
1841-1844 Robert H. Morris
13%
*1874* Samuel B. H. Vance
13%
1902-1903 Seth Low
13%
1877-1878 Smith Ely Jr.
13%
1677-1678 | 1686-1688 Stephanus Van Cortlandt
13%
1821-1824 Stephen Allen
13%
*1868-1869* Thomas Coman
13%
1893-1894 Thomas Francis Gilroy
13%
1665-1666 | 1667-1668 Thomas Willett
13%
1950-1953 Vincent R. Impellitteri
13%
1829-1833 Walter Bowne
13%
1766-1776 Whitehead Hicks
13%
1845-1846 | 1848-1849 | 1873-1874 William Frederick Havemeyer
13%
1875-1876 William H. Wickham
13%
1910-1913 William Jay Gaynor
13%
1895-1897 William Lafayette Strong
13%
1825-1826 | 1827-1829 William Paulding Jr.
13%
1881-1882 | 1885-1886 William Russell Grace
13%
*1925* William T. Collins
13%
1847-1848 William V. Brady
13%
1668-1671 | 1682-1684 Cornelius Steenwyk
0%
No matching quizzes found
Score Distribution
Percent of People with Each Score
Percentile by Number Answered
Your Score History
You have not taken this quiz since the last reset